Tower of God - Personnalités françaises ayant inspiré des personnages - Statistiques

Statistiques générales
  • Ce quiz a été pris 23 fois
  • Le résultat moyen est 4 sur 12
Statistiques - réponses
Indice Réponse % Correct
2ème président de la Vème République Georges Pompidou
77%
Écrivain auteur des œuvres Les Trois Mousquetaires et Le Comte de Monte-Cristo Alexandre Dumas
69%
Ministre ayant donné son nom à une ligne de défense censée protéger la France d'une invasion allemande ou italienne André Maginot
69%
Auteur romantique des œuvres Les Misérables et Notre-Dame de Paris Victor Hugo
69%
Franco-polonais compagnon de George Sand étant l'un des plus grands pianistes de l'Histoire Frédéric Chopin
38%
Écrivain dont l'œuvre principale est la suite romanesque À la recherche du temps perdu Marcel Proust
38%
Écrivaine prix Nobel de littérature en 2022 et autrice de La Place et Les Armoires vides Annie Ernaux
31%
Les deux footballeurs étant la charnière centrale de la Coupe du Monde 2018, l'un marquant en quarts de finale, l'autre en demi-finale. Samuel Umtiti
23%
Chanoine et député-maire de Dijon, ce résistant aura donné son nom à un cocktail Félix Kir
8%
Footballeur ayant joué au poste de milieu défensif, notamment pour l'Olympique Lyonnais et la France lors de la Coupe du Monde 2010 Jérémy Toulalan
8%
Raphaël Varane
8%
Plus célèbre aventurier normand s'illustrant en Méditerranée, il conquiert en 1059 l'Apulie et la Calabre aux dépends des Lombards et des Byzantins Robert Guiscard
8%
Aucun quiz correspondant
Distribution des résultats
% des personnes avec chaque résultat
Percentile par nombre de réponses
Votre historique - résultats
Vous n’avez pas pris ce quiz